00318 a2200133 4500003000400000005001700004008004100021020001800062040000900080082001500089245003900104260003300143300000800176OSt20240110154834.0240110b |||||||| |||| 00| 0 eng d a9789382581604 coclc a297bKAR/K aKapada vishwasiyude lakshanangal / aKerala:bDa'wa books,c2015. a78p